000 01051nam a2200229Ia 4500
999 _c40590
_d40590
001 7215
003 GE_BSU
005 20230912114911.0
008 181216s2008||||ge |||||||||||||| ||geo||
010 _a9789992842577
040 _cGE_BSU
041 _ageo
080 _a821-32 მ-90
245 _aმსოფლიო ლიტერატურა :
_bრჩეული მოთხრობები ტ.5 /
_cავტ-შემდგ. : მურღულია გია, ბეჟუაშვილი ბეგო ; გამოც. მთ. რედ. ბეგო ბეჟუაშვილი.
264 _aთბილისი :
_bდია,
_c2008
300 _a376 გვ. :
_bილ. ;
_c22 სმ.
541 _h12ლ.
653 _aმსოფლიო ლიტერატურა
700 _aმურღულია, გია
_eავტორ-შემდგენელი
_919802
700 _aბეჟუაშვილი, ბეგო
_eავტორ-შემდგენელი
_919787
942 _cBK
_2udc